| 000 | 00897cam a2200265 a 4500 | ||
|---|---|---|---|
| 001 | 1638430 | ||
| 005 | 20171218074952.0 | ||
| 008 | 971201s1997 njua b 001 0 eng d | ||
| 010 | _a 96080494 | ||
| 020 | _a0911910875 | ||
| 035 | _a(OCoLC)37599922 | ||
| 040 |
_aDNLM _cDNLM _dIChamL _dNvLC _dNjPERS _dWU _dInVi _dTxFCO _dWaU _dDLC |
||
| 041 | _aeng | ||
| 042 | _alccopycat | ||
| 060 | 0 | 0 |
_a616 _bM555 1997 |
| 080 | _a616 | ||
| 082 | 0 | 0 |
_a616 BER _221 |
| 100 | _a3 | ||
| 101 | _aSHM | ||
| 245 | 0 | 4 |
_aThe Merck manual of medical information / _cRobert Berkow, editor-in-chief ; Mark H. Beers, associate editor ; Andrew J. Fletcher, senior assistant editor. |
| 246 | 3 | 0 | _aManual of medical information |
| 906 |
_a7 _bcbc _ccopycat _d2 _eopcn _f19 _gy-gencatlg |
||
| 942 |
_2ddc _cBK |
||
| 999 |
_c39084 _d39084 |
||